[Event "Bled op-B"]
[Site "Bled"]
[Date "1998.??.??"]
[Round "5"]
[White "Planinsek, Bojan"]
[Black "Tratnjek, Andrej"]
[Result "1-0"]
[WhiteElo "1800"]
[BlackElo "2000"]
[PlyCount "37"]
[EventDate "1998.03.21"]
[EventType "swiss"]
[EventRounds "9"]
[EventCountry "SLO"]
[SourceTitle "EXT 1999"]
[Source "ChessBase"]
[SourceDate "1998.11.16"]
[SourceVersion "1"]
[SourceVersionDate "1998.11.16"]
[SourceQuality "1"]

1. e4 e6 2. d4 d5 3. exd5 exd5 4. Bd3 c5 5. dxc5 Bxc5 6. Nf3 Ne7 7. 0-0 Nbc6 8. Bf4 Bg4 9. Nbd2 Bd6 10. Be3 Qc7 11. h3 Bh5 12. c3 h6 13. Qc2 Bg6 14. Nb3 0-0 15. Rfe1 Rac8 16. Rac1 Nb4 17. cxb4 Qxc2 18. Bxc2 Bxc2 19. Bc5 1-0

[Event "Bled op-B"]
[Site "Bled"]
[Date "1998.??.??"]
[Round "1"]
[White "Zelenika, Srdjan"]
[Black "Tratnjek, Andrej"]
[Result "1-0"]
[WhiteElo "2260"]
[BlackElo "2000"]
[PlyCount "65"]
[EventDate "1998.03.21"]
[EventType "swiss"]
[EventRounds "9"]
[EventCountry "SLO"]
[SourceTitle "EXT 1999"]
[Source "ChessBase"]
[SourceDate "1998.11.16"]
[SourceVersion "1"]
[SourceVersionDate "1998.11.16"]
[SourceQuality "1"]

1. e4 e6 2. d4 d5 3. Nd2 c5 4. exd5 exd5 5. Ngf3 Bg4 6. h3 Bh5 7. Bb5+ Nc6 8. dxc5 Bxc5 9. 0-0 Nge7 10. Nb3 Bd6 11. c3 Qc7 12. Bg5 0-0 13. Bxe7 Nxe7 14. Bd3 Bg6 15. Bxg6 hxg6 16. Re1 Rad8 17. Nbd4 a6 18. Qe2 Nc6 19. Nxc6 Qxc6 20. Nd4 Qc8 21. Qf3 Rd7 22. Rad1 Qd8 23. Nb3 b6 24. g3 Bc5 25. Re5 Re8 26. Rxe8+ Qxe8 27. Nxc5 bxc5 28. Rxd5 Kh7 29. Kg2 c4 30. b3 Rc7 31. Rd4 cxb3 32. axb3 Qe5 33. Rh4+ 1-0